000 00435nam a2200157 i 4500
001 58804
003 ES-MaACL
005 20230906163907.0
007 t|
008 031024s1976 po ||||1| por d
100 1 _aDuval, Joaquim Luis.
_946375
245 1 0 _aMinha gente /
_cJoaquim Luis Duval.
260 _a[Pelotas :
_bUniversidade Católica,
_c1976]
300 _a163 p. :
_bil. ;
_c22 cm.
852 _aES-MaACL
_jC-38568
_bR.106168
999 _c58804
_d58804